Statistics for Provinces of the Netherlands in 1816 (with a Map)

Click here to take the quiz!

General Stats

  • This quiz has been taken 1,785 times
  • The average score is 12 of 19

Answers on the Map

Answers color-coded by a green-red scale on the quiz's map according to % correct below.
 

Answer Stats

Provinces% Correct
Holland
96%
Friesland
87%
Luxembourg
87%
Zeeland
87%
Utrecht
83%
North Brabant
80%
South Brabant
79%
Limburg
73%
Groningen
69%
Antwerp
66%
Liège
60%
Gelderland
57%
Overijssel
53%
Drenthe
51%
West Flanders
48%
East Flanders
47%
Namur
46%
Hainaut
42%
Neutral Moresnet
18%

Score Distribution

Percentile by Number Answered

Percent of People with Each Score

Your Score History

You have not taken this quiz